000 00272nam a2200121Ia 4500
008 190216s9999||||xx |||||||||||||| ||und||
100 _aShukla S M
245 0 _aAdvanced Accountancy
260 _bSahitya Bhawan
_c1988
300 _a528p
650 _aCommerce
942 _cBK
999 _c5320
_d5320